Library Header

Oxford book of ballads, newly selected and edited by James Kinsley (Record no. 1068)

MARC details
000 -LEADER
fixed length control field 00309nam a2200097 4500
082 ## - DEWEY DECIMAL CLASSIFICATION NUMBER
Classification number 821.04
Item number KIN
100 ## - MAIN ENTRY--PERSONAL NAME
Personal name Kinsley, James
245 ## - TITLE STATEMENT
Title Oxford book of ballads, newly selected and edited by James Kinsley
Statement of responsibility, etc. James Kinsley
260 ## - PUBLICATION, DISTRIBUTION, ETC.
Place of publication, distribution, etc. Oxford
Name of publisher, distributor, etc. Clarendon Press
Date of publication, distribution, etc. 1969 [ reprinted 1971]
300 ## - PHYSICAL DESCRIPTION
Extent xvi, 711p.; 19cm.
Holdings
Withdrawn status Lost status Damaged status Not for loan Collection code Home library Current library Date acquired Total Checkouts Full call number Barcode Date last seen Price effective from Koha item type
        ENGLISH North Eastern Hill University North Eastern Hill University 18/11/2011   821.04 KIN A2005 18/11/2011 18/11/2011 Books